00480nas a22001697a 4500008004100000022001400041245005900055260005500114300000900169310001400178546001400192590002600206590003000232653002100262942001200283999001500295130319t20029999bl ||||| |||| 00| 0 por d a0100-1302 aRevista de Medicina da Universidade Federal do Ceará aFortaleza,bUniversidade Federal do Ceará:c2002 av. : asemestral aportugues aIndizada en: Latindex aExistencias: 2001 41(1,2) aMEDICINA INTERNA 2ddccCR c1282d1282